2012 NBA Team's Starting PG's - Statistics

General Stats
  • This quiz has been taken 2,196 times
  • The average score is 18 of 30
Answer Stats
Hint Answer % Correct
Celtics Rondo
90%
Thunder Westbrook
88%
Clippers Paul
87%
Bulls Rose
86%
Warriors Curry
84%
Cavs Irving
84%
Spurs Parker
81%
Wizards Wall
81%
Suns Nash
79%
Nets Williams
79%
Mavs Kidd
76%
Heat Chalmers
75%
Grizzlies Conley
70%
Rockets Lowry
64%
Timberwolves Rubio
64%
Hawks Teague
60%
Knicks Lin
55%
Pacers Hill
52%
76ers Holiday
52%
Nuggets Lawson
52%
Bucks Jennings
51%
Magic Nelson
50%
Kings Thomas
44%
Raptors Calderon
37%
Blazers Felton
36%
Pistons Knight
32%
Hornets Jack
29%
Bobcats Augustin
24%
Lakers Sessions
22%
Jazz Harris
21%
No matching quizzes found
Score Distribution
Percent of People with Each Score
Percentile by Number Answered
Your Score History
You have not taken this quiz